| 000 | 00509nam a22001697a 4500 | ||
|---|---|---|---|
| 005 | 20251108173235.0 | ||
| 008 | 250721s2003 xx 000 0 ara d | ||
| 020 | _a9957320378 | ||
| 082 | 1 | 4 | _a423.1/ خوا |
| 100 | 1 | _aالخواجة، سعيد | |
| 245 | 1 | 0 | _aقاموس مختصرات اللغة الإنجليزية / |
| 264 | 1 |
_aعمان : _bدار الحامد للنشر، _c2003. |
|
| 650 | 1 | 7 | _aاللغة الإنجليزية |
| 650 | 1 | 7 | _aالقواميس |
| 942 |
_2ddc _cBK |
||
| 999 |
_c99319 _d99319 |
||